Basketteurs en T-V (2000-2025) - Statistiques

Statistiques générales
  • Ce quiz a été pris 44 fois
  • Le résultat moyen est 12 sur 24
Statistiques - réponses
Par images Réponse % Correct
Jayson Tatum
98%
Karl-Anthony Towns
91%
Klay Thompson
91%
Nikola Vucevic
79%
Fred VanVleet
77%
Isaiah Thomas
74%
Myles Turner
70%
Nolan Traoré
70%
Jonas Valanciunas
63%
Obi Toppin
60%
Devin Vassell
58%
PJ Tucker
58%
Ronny Turiaf
49%
Daniel Theis
47%
Jared Vanderbilt
47%
Anderson Varejao
37%
Gary Trent Jr
37%
Jason Terry
26%
Jeff Teague
23%
Hedo Turkoglu
19%
Garrett Temple
14%
Matisse Thybulle
14%
Charlue Villanueva
7%
Nick Van Exel
7%
Aucun quiz correspondant
Distribution des résultats
% des personnes avec chaque résultat
Percentile par nombre de réponses
Votre historique - résultats
Vous n’avez pas pris ce quiz